00427pab a2200145 454500008004000000100001600040245007800056260000900134300001300143362001100156650003400167650002700201650001900228773003400247180718b2011 xxu||||| |||| 00| 0 eng d aRoy, Rathin aA response to conundrums and fundamentalisms perceived in the THFC report c2011 ap.76-79. a23 Apr aThirteenth Finance Commission aPublic finance - India aPublic finance aEconomic and Political Weekly